000 00600nam a2200229 a 4500
001 15497
003 BD-RjUL
005 20211208235828.0
008 161128s1971 nyu b 001 0 eng
035 _a(BD-RjUL)15551
040 _aDLC
_cDLC
_dBD-RjUL
_beng
041 _aeng
082 0 0 _a658.01
_bMIM 1971
_223
100 1 _aMiner, John B.
_948126
245 1 0 _aManagement theory /
_c[by] John B. Miner.
260 _aNew York :
_bMacmillan ,
_c[1971]
300 _aviii, 168 p. ;
_c24 cm.
504 _aIncludes index
650 0 _aManagement.
_948127
942 _2ddc
_cBK
999 _c15497
_d15497